[Event "26th Troya Open 2018"]
[Site "Canakkale"]
[Date "2018.08.05"]
[Round "1.20"]
[White "Sahin, Abdullah Baturalp"]
[Black "Uysal, Ugur"]
[Result "0-1"]
[WhiteElo "1255"]
[BlackElo "1689"]
[Annotator "NA"]
[PlyCount "88"]
[EventDate "2018.08.06"]
[EventType "swiss"]
[EventCountry "TUR"]
[SourceTitle "playchess.com"]
[Source "ChessBase"]
[SourceQuality "1"]
[TimeControl "5400+30"]

1. d4 {[%emt 1:26:43]} Nf6 {[%emt 1:20:08]} 2. Nc3 {[%emt 0:00:30]} d5 {[%emt 0:00:30]} 3. Bg5 {[%emt 0:00:30]} g6 {[%emt 0:00:30]} 4. Qd2 {[%emt 0:00:30]} Bg7 {[%emt 0:00:30]} 5. f3 {[%emt 0:00:30]} O-O {[%emt 0:00:30]} 6. e4 {[%emt 0:00:30]} dxe4 {[%emt 0:00:30]} 7. fxe4 {[%emt 0:00:30]} Nc6 {[%emt 0:00:30]} 8. O-O-O {[%emt 0:00:30]} Bg4 {[%emt 0:00:30]} 9. Be2 {[%emt 0:00:30]} Bxe2 {[%emt 0:00:30]} 10. Ngxe2 {[%emt 0:00:30]} a6 {[%emt 0:00:30]} 11. h3 {[%emt 0:00:30]} b5 {[%emt 0:00:30]} 12. e5 {[%emt 0:00:30]} Nd5 {[%emt 0:00:30]} 13. Nxd5 {[%emt 0:00:30]} Qxd5 {[%emt 0:00:30]} 14. Nc3 {[%emt 0:00:30]} Qd7 {[%emt 0:00:30]} 15. Kb1 {[%emt 0:00:30]} Rad8 {[%emt 0:00:30]} 16. Be3 {[%emt 0:00:30]} b4 {[%emt 0:00:30]} 17. Ne4 {[%emt 0:00:30]} Qd5 {[%emt 0:00:30]} 18. Nc5 {[%emt 0:00:30]} a5 {[%emt 0:00:30]} 19. Rhe1 {[%emt 0:00:30]} Ra8 {[%emt 0:00:30]} 20. Bg1 {[%emt 0:00:30]} Rfd8 {[%emt 0:00:30]} 21. Be3 {[%emt 0:00:30]} a4 {[%emt 0:00:30]} 22. Qe2 {[%emt 0:00:30]} a3 {[%emt 0:00:30]} 23. b3 {[%emt 0:00:30]} Nxe5 {[%emt 0:00:30]} 24. c4 {[%emt 0:00:30]} bxc3 {[%emt 0:00:30]} 25. dxe5 {[%emt 0:00:30]} Qxe5 {[%emt 0:00:30]} 26. Kc2 {[%emt 0:00:30]} Qf5+ {[%emt 0:00:30]} 27. Rd3 {[%emt 0:00:30]} Rd6 {[%emt 0:00:30]} 28. g4 {[%emt 0:00:30]} Qe5 {[%emt 0:00:30]} 29. Qf2 {[%emt 0:00:30]} Rxd3 {[%emt 0:00:30]} 30. Nxd3 {[%emt 0:00:30]} Qd5 {[%emt 0:00:30]} 31. Bf4 {[%emt 0:00:30]} Rd8 {[%emt 0:00:30]} 32. Qg3 {[%emt 0:00:30]} c5 {[%emt 0:00:30]} 33. Be5 {[%emt 0:00:30]} c4 {[%emt 0:00:30]} 34. bxc4 {[%emt 0:00:30]} Bxe5 {[%emt 0:00:30]} 35. Rxe5 {[%emt 0:00:30]} Qxc4 {[%emt 0:00:30]} 36. Rxe7 {[%emt 0:00:30]} Qxa2+ {[%emt 0:00:30]} 37. Kxc3 {[%emt 0:00:30]} Qa1+ {[%emt 0:00:30]} 38. Kd2 {[%emt 0:03:33]} Qb2+ {[%emt 0:03:42]} 39. Ke3 {[%emt 0:00:31]} Rxd3+ {[%emt 0:00:00]} 40. Kxd3 {[%emt 0:00:52]} Qb3+ {[%emt 0:00:26]} 41. Kd4 {[%emt 0:00:03]} Qxg3 {[%emt 0:00:05]} 42. Re8+ {[%emt 0:00:30]} Kg7 {[%emt 0:00:00]} 43. Re3 {[%emt 0:00:24]} Qxe3+ {[%emt 0:00:13]} 44. Kxe3 {[%emt 0:00:30]} a2 {[%emt 0:00:00]} 0-1

[Event "26th Troya Open 2018"]
[Site "Canakkale"]
[Date "2018.08.05"]
[Round "2.1"]
[White "Benidze, Davit"]
[Black "Taskaya, Muhammed"]
[Result "1-0"]
[WhiteElo "2488"]
[BlackElo "2012"]
[Annotator "TA"]
[PlyCount "69"]
[EventDate "2018.08.06"]
[EventType "swiss"]
[EventCountry "TUR"]
[SourceTitle "playchess.com"]
[Source "ChessBase"]
[SourceQuality "1"]

{[%evp 17,69,6,33,14,31,20,12,13,43,43,42,32,33,31,34,35,47,53,65,65,65,68,62,35,39,0,0,0,1,2,2,2,6,0,227,200,193,180,191,194,254,253,260,308,446,445,515,497,1303,1195,5235,3552,5397,4894]} 1. Nf3 d5 2. g3 Nf6 3. Bg2 Nbd7 4. d4 e6 5. O-O Bd6 6. c4 c6 7. Qc2 O-O 8. Nbd2 Re8 9. b3 {E01: Catalan: Early deviations} (9. Rd1 Qe7 10. e4 Nxe4 11. Nxe4 dxe4 12. Qxe4 e5 13. Bg5 Qf8 14. dxe5 Nxe5 15. Nxe5 Rxe5 16. Qd4 Rxg5 17. Qxd6 Qxd6 18. Rxd6 Be6 19. Rc1 Rc5 20. b3 Kf8 21. f4 {½-½ (48) Dubov,D (2660)-Smirnov,P (2595) Khanty-Mansiysk 2016}) 9... b6 {LiveBook: 5 Games} 10. Rd1 Bb7 11. e4 $146 {White is slightly better.} ({Predecessor:} 11. Bb2 Rc8 12. e4 dxe4 13. Ng5 Qe7 14. Ndxe4 Nxe4 15. Nxe4 Bb8 16. Rd2 f5 17. Nc3 {1-0 (29) Neuman,P (2439)-Herejk,P (2200) Klatovy 2010}) 11... dxe4 12. Ng5 Bf8 (12... e3 $5 13. fxe3 Qc7 $11) 13. Ngxe4 Qc7 14. Nxf6+ Nxf6 15. Ne4 Nxe4 16. Bxe4 g6 17. Bf4 Bd6 18. Bxd6 Qxd6 19. c5 Qe7 20. a4 {[%cal Ba2a4,Ba4a5][%mdl 32]} e5 {next ...exd4 is good for Black.} 21. a5 exd4 22. Bg2 {[#] Threatens to win with a6.} Rad8 (22... Qxc5 $6 23. Qxc5 bxc5 24. a6 $16) 23. a6 $1 $36 {[%cal Ra6b7][%mdl 2048] White fights for an advantage.} ({But not} 23. axb6 axb6 24. cxb6 Qb4 $17) 23... Ba8 $1 24. b4 d3 25. Qc3 d2 $2 (25... bxc5 $11 {and Black has nothing to worry.} 26. bxc5 Qe5 27. Qxe5 Rxe5) 26. cxb6 $18 ({Not} 26. Rxd2 Rxd2 27. Qxd2 bxc5 $14) 26... axb6 27. Rxd2 Rxd2 28. Qxd2 Rd8 (28... Qa7 $142 29. Bf1 c5) 29. Qc3 Qe2 30. Bf3 ({Less strong is} 30. Bxc6 Rd2 $16) 30... Qb5 (30... Qd3 $142 31. Qxd3 Rxd3) 31. a7 {White is clearly winning.} Rd3 32. Qf6 {[#] aiming for Re1.} Qxb4 (32... Qf5 $142 33. Qxf5 gxf5) 33. Bxc6 Qf8 34. Bxa8 {White threatens Bd5! and mate.} Qxa8 35. Qxb6 {Precision: White = 82%, Black = 39%.} 1-0

[Event "26th Troya Open 2018"]
[Site "Canakkale"]
[Date "2018.08.05"]
[Round "2.2"]
[White "Yasin, Hur"]
[Black "Sibashvili, Giorgi"]
[Result "0-1"]
[WhiteElo "2023"]
[BlackElo "2410"]
[Annotator "TA"]
[PlyCount "96"]
[EventDate "2018.08.06"]
[EventType "swiss"]
[EventCountry "TUR"]
[SourceTitle "playchess.com"]
[Source "ChessBase"]
[SourceQuality "1"]

{[%evp 16,96,27,28,36,16,26,6,11,-5,0,4,18,2,9,16,14,20,10,0,0,-10,0,-10,-18,-21,0,0,1,0,0,-458,-458,-450,-431,-429,-333,-331,-331,-410,-289,-309,-294,-785,-755,-1713,-1694,-1665,-1636,-1605,-1567,-1128,-825,-1170,-1175,-1081,-1052,-1235,-1256,-1993,-1894,-5054,-5038,-4786,-2776,-7213,-5690,-29985,-29986,-29982,-29984,-29987,-29988,-29988,-29989,-29989,-29990,-29993,-29993,-29993,-29993,-29997,-29998]} 1. e4 e5 2. Nf3 Nc6 3. Bb5 Nf6 4. O-O Nxe4 5. Re1 Nd6 6. Nxe5 Be7 7. Bf1 O-O {C67: Ruy Lopez: Berlin Defence: 4 0-0 Nxe4} (7... Nxe5 8. Rxe5 O-O 9. d4 Bf6 10. Re1 Nf5 11. d5 Re8 12. Rxe8+ Qxe8 13. Qd3 d6 14. Nd2 Bg5 15. Nf3 Bxc1 16. Rxc1 Bd7 17. Re1 Qd8 18. Qc4 {1-0 (31) Carlsen,M (2843)-Aronian,L (2764) Stavanger 2018}) 8. d4 Nf5 9. c3 {LiveBook: 58 Games} d5 {White has an edge.} 10. Bd3 Nxe5 11. Rxe5 (11. dxe5 {looks sharper.} c5 12. Nd2 Be6 13. Nf3 Re8 14. h3) 11... g6 12. g3 $146 ({Predecessor:} 12. Nd2 c6 {½-½ (12) Jasny,S (2363)-Sosna,J (2341) Vsetin 2017}) 12... Bf6 13. Re1 b6 14. Nd2 c5 15. Nf3 Re8 16. Rxe8+ Qxe8 17. dxc5 bxc5 18. Bf4 Bb7 19. Qd2 d4 $36 {[%mdl 2048] And now ...dxc3 would win. Black has good play.} 20. Re1 Qa4 (20... Qc6 $5 21. Be4 $8 Qa6 $11) 21. Ne5 Re8 22. b3 dxc3 23. Qc2 $2 {[%mdl 8192]} (23. Qxc3 $11 {and White stays safe.} Qd4 24. Qxd4 Nxd4 25. Kf1) 23... Qd4 $19 24. Bxf5 gxf5 ({Resist} 24... Bxe5 25. Qd3 $19) 25. Qxf5 Qd5 {[%csl Gb7][%cal Rd5h1]} 26. f3 Bg7 27. g4 Bc8 28. Qd3 Qd4+ 29. Be3 $2 (29. Qxd4 cxd4 30. Kf2) 29... Qxe5 30. Bf2 Qxe1+ 31. Bxe1 Rxe1+ 32. Kf2 Re8 33. Kg3 Be6 34. f4 c4 35. bxc4 Rc8 36. c5 h6 37. f5 Bxa2 38. f6 Bxf6 39. Qf5 Rc6 40. h4 Bb3 41. g5 hxg5 {Black mates.} 42. hxg5 {[#]} Bxg5 $1 43. Qe5 (43. Qxg5+ Rg6) 43... c2 44. Qe8+ Kg7 45. Qxc6 c1=Q 46. Qd6 Qg1+ 47. Kf3 {[#]} Bd5+ $1 48. Ke2 (48. Qxd5 Qh1+) 48... Qg2+ {Precision: White = 30%, Black = 72%.} 0-1

[Event "26th Troya Open 2018"]
[Site "Canakkale"]
[Date "2018.08.05"]
[Round "2.3"]
[White "Mgeladze, Tamaz"]
[Black "Makaraci, Tunahan"]
[Result "1-0"]
[WhiteElo "2400"]
[BlackElo "1994"]
[Annotator "TA"]
[PlyCount "83"]
[EventDate "2018.08.06"]
[EventType "swiss"]
[EventCountry "TUR"]
[SourceTitle "playchess.com"]
[Source "ChessBase"]
[SourceQuality "1"]

{[%evp 13,83,64,54,12,0,-2,43,36,50,-10,50,35,51,60,70,64,74,48,53,24,36,0,46,0,25,12,18,-4,0,0,0,-8,0,0,0,0,0,0,0,0,0,0,136,135,179,157,509,483,403,441,443,402,404,392,405,408,403,396,447,420,678,678,678,678,678,678,764,741,670,553,447,413]} 1. c4 b6 2. Nf3 Bb7 3. g3 Bxf3 4. exf3 c5 5. d4 cxd4 6. Qxd4 Nc6 7. Qd3 {A10: English Opening: Unusual Replies for Black} (7. Qd2 e6 8. Bg2 Bb4 9. Nc3 Qf6 10. O-O Bxc3 11. bxc3 Nge7 12. f4 Rc8 13. Ba3 O-O 14. Qxd7 Rfd8 15. Qb7 Rb8 16. Bxe7 Nxe7 17. Qxa7 Nf5 18. Rad1 Qxc3 19. Rxd8+ Rxd8 20. Qxb6 Rc8 21. a4 Qxc4 22. a5 {1-0 (22) Lagarde,M (2615)-Sulava,N (2447) Cannes 2018}) 7... Rc8 {LiveBook: 3 Games} 8. b3 e6 $146 {[#] Strongly threatening ...Qf6.} ({Predecessor:} 8... b5 9. Nd2 bxc4 10. Nxc4 d5 11. Ne3 e6 12. Bg2 Bb4+ 13. Bd2 Qa5 14. f4 Nf6 15. Bxb4 Nxb4 16. Qd2 Nd3+ {0-1 (16) Boulahfa,H (2101)-De Jong,M (2319) Vlissingen 2015}) 9. Bb2 {The position is equal.} Nf6 (9... b5 $5) 10. Nc3 Bb4 11. Rd1 {[#]} (11. Bg2 $14) 11... d5 (11... b5 $1 $11 {[%mdl 512]} 12. Qe3 (12. cxb5 Ne5) 12... d6) 12. a3 $14 Bxc3+ $1 13. Qxc3 d4 14. Qc2 e5 15. Bd3 O-O 16. O-O Qd6 17. Rfe1 Rfe8 18. Bc1 Re7 19. Qb2 Rce8 20. Bb1 h6 21. Qc2 Qd7 22. Kg2 a5 23. Re2 e4 24. fxe4 Rxe4 25. Rde1 Rxe2 26. Rxe2 Ne5 27. Qf5 Qxf5 (27... Qc6+ $11 {remains equal.} 28. f3 g6) 28. Bxf5 $16 Kf8 29. Bf4 $36 {[%mdl 2048] White is in control.} g6 $2 (29... Ned7 $16 {is tougher.} 30. Rd2 Nc5) 30. Rxe5 $18 gxf5 31. Bxh6+ {[%mdl 4096] Endgame KRB-KRN} Kg8 32. Rxf5 Ne4 33. Rd5 Nc5 34. Rxd4 Nxb3 35. Rd6 Rb8 36. Be3 b5 (36... Nc5 $142 37. Bxc5 bxc5) 37. cxb5 {White is clearly winning.} Rxb5 38. Rb6 Rxb6 39. Bxb6 a4 40. Kf3 Nd2+ 41. Ke2 Nc4 42. Bc5 {Precision: White = 62%, Black = 26%.} 1-0

[Event "26th Troya Open 2018"]
[Site "Canakkale"]
[Date "2018.08.05"]
[Round "2.4"]
[White "Kocak, Can"]
[Black "Arat, Ufuk Sezen"]
[Result "0-1"]
[WhiteElo "2001"]
[BlackElo "2386"]
[Annotator "TA"]
[PlyCount "170"]
[EventDate "2018.08.06"]
[EventType "swiss"]
[EventCountry "TUR"]
[SourceTitle "playchess.com"]
[Source "ChessBase"]
[SourceQuality "1"]

{[%evp 17,170,75,76,-10,4,-3,-16,-31,-29,-29,-21,-19,-21,-18,-9,-49,-30,-26,-22,-22,-16,-29,-26,-67,-62,-175,-170,-154,-170,-258,-258,-258,-240,-238,-247,-353,-156,-150,-149,-164,-148,-156,-152,-156,-162,-141,-89,-120,-120,-118,-103,-115,-108,-53,0,0,0,-7,0,0,0,-16,0,-4,0,0,0,0,0,0,0,-158,-157,-222,-222,-216,-218,-257,-242,-242,-241,-285,-282,-339,-307,-416,-395,-386,-362,-450,-414,-420,-381,-384,-372,-355,-357,-371,-359,-414,-404,-718,-695,-992,-935,-846,-868,-913,-908,-861,-845,-29979,-352,-350,-197,-200,-197,-176,-181,-216,-183,-597,-577,-578,-587,-592,-597,-578,-406,-589,-555,-838,-850,-692,-570,-1031,-1025,-993,-1337,-1726,-1690,-1583,-1523,-2029,-1557,-1848,-1458,-1273,-707,-1004,-765,-29979,-29976,-6099,-5122]} 1. e4 d6 2. d4 g6 3. Nc3 Nf6 4. Be3 c6 5. f3 b5 6. Qd2 Nbd7 7. g4 Nb6 8. h4 h5 9. g5 Nfd7 {LiveBook: 46 Games} 10. Bd3 {B07: Pirc Defence: Miscellaneous Systems} ({White should try} 10. d5 $16 cxd5 11. Bd4 (11. exd5 b4 $15) (11. Bxb5 Bg7 $11)) (10. d5 cxd5 11. Bd4 Rg8 12. Bxb5 Bb7 13. Bxb6 Qxb6 14. Nxd5 Bxd5 15. Qxd5 Rc8 16. c4 Bg7 17. Ne2 a6 18. Bxd7+ Kxd7 {0-1 (40) Volokitin,A (2640)-Onischuk,V (2614) Lvov 2016}) 10... Bg7 $11 11. f4 b4 12. Nce2 {The position is equal.} c5 13. c3 bxc3 14. bxc3 cxd4 15. cxd4 Bb7 16. Nh3 $146 ({Predecessor:} 16. Nf3 d5 17. e5 e6 {0-1 (42) Bergen,D-Preiss,M (2275) Badenweiler 1995}) 16... d5 {[%cal Bd6d5,Bd5c4,Bc4c3][%mdl 32]} 17. e5 Nc4 18. Bxc4 dxc4 19. O-O $1 Nb6 {Strongly threatening ...Qd5.} 20. Nc3 Nd5 {aiming for ...Nxc3.} 21. Ne4 {[#]} (21. Rac1 $1 $15) 21... c3 $1 $36 {[%mdl 2560] Keeping White busy.} 22. Qe2 (22. Nxc3 Nxc3) 22... Qc8 23. Qf3 (23. Rf3 $142) 23... Qg4+ 24. Kh2 O-O (24... Nxe3 25. Qxe3 Qxh4 26. Nxc3 $17) 25. Bc1 Rac8 26. Nc5 {[#]} (26. Qxg4 {was worth a try.} hxg4 27. Ng1) 26... Qxf3 ({Not} 26... Qxh4 27. Nxb7 Nb4 28. Qe4 $18) (26... Rxc5 $1 $19 {[%mdl 512]} 27. Qxg4 (27. dxc5 Ne3) 27... hxg4 28. dxc5 gxh3 29. Kxh3 Rc8) 27. Rxf3 $17 Ba8 28. Nf2 {[%cal Bh3f2,Bf2e4,Be4f6][%mdl 32]} Rfd8 29. a3 e6 30. Nfe4 Bf8 31. Rd3 Nb6 (31... Kg7 $142 32. Rb1 Nxf4 $1 {[%mdl 512]} 33. Bxf4 Bxc5 34. Nxc5 Rxc5) 32. Rxc3 Rxd4 33. Nf6+ Kg7 34. Be3 Rc4 ({Much weaker is} 34... Bxc5 $6 35. Rac1 $11) 35. Rac1 (35. Rxc4 $17 Nxc4 36. Rc1) 35... Rxc3 (35... Bd5 $1 $15 36. Rxc4 Nxc4) 36. Rxc3 $11 Be7 37. Bf2 (37. Kg3 {is interesting.} Kh8 38. Rd3 Kg7 39. Nce4 Rc2 40. Nd6) 37... Rd8 38. Nce4 (38. Na6 {keeps more tension.} Rd2 39. Kg3 Bd8 40. Ne8+ Kf8 41. Nd6) 38... Bxe4 39. Nxe4 Nd5 40. Rd3 a5 41. Kg3 Rb8 42. Bc5 Bxc5 43. Nxc5 {[%mdl 4096] Endgame KRN-KRN} Rb1 {And now ...Rg1+ would win.} 44. Rf3 $2 {[#]} ({Better is} 44. Rb3 $1 $11 Ra1 45. Nd7) 44... Rg1+ $1 $17 45. Kh3 (45. Kf2 $17 {might work better.} Rg4 46. Nd3) 45... Rg4 $19 46. Nd3 a4 47. Kh2 Rxh4+ 48. Kg3 Rg4+ 49. Kf2 Kf8 50. Ke2 Ke7 51. Kd2 Rg2+ 52. Nf2 Kd7 53. Kd3 Kc6 54. Kc4 Rh2 55. Kd4 Kb5 56. Ne4 h4 {[%cal Bh5h4,Bh4h3,Bh3h2][%mdl 32]} 57. Nd6+ Kc6 58. Nxf7 h3 59. f5 (59. Rf1 $142 Rd2+ 60. Ke4) 59... gxf5 60. g6 Rd2+ 61. Kc4 h2 62. Rh3 Rc2+ 63. Kd4 Rg2 {( -> ...Rg4+)} 64. Nh6 Nf4 $2 (64... Kb5 {mates} 65. Rxh2 Rxh2 66. Nxf5 exf5 67. e6 Rd2+ 68. Ke5 f4 69. g7 Ne7 70. Kxf4 Re2 71. Kg3 Rxe6 72. Kf3 Kc4 73. Kg3 Re3+ 74. Kf4 Rxa3 75. Ke5 Re3+ 76. Kf4 Kd4 77. g8=B Nxg8 78. Kf5 a3 79. Kg6 a2 80. Kg7 a1=Q 81. Kg6 Qg1+ 82. Kf5 Re7 83. Kf4 Rf7#) 65. Rxh2 Rxg6 (65... Rxh2 $142 66. g7 Ne2+ 67. Kd3 Nc1+ 68. Kc3 Rg2) 66. Rc2+ Kd7 67. Nf7 Rg3 68. Ra2 Ng6 69. Kc5 $2 (69. Rb2 {is more resistant.}) 69... Ke7 70. Nd6 Nxe5 71. Nc8+ Kf6 72. Nb6 Nd3+ 73. Kb5 (73. Kc4 $142) 73... f4 {[%cal Bf5f4,Bf4f3][%mdl 32]} 74. Nxa4 f3 75. Nc3 Kf5 76. Nd1 e5 77. a4 Rg1 78. Rd2 e4 79. a5 Kf4 80. a6 Rg5+ 81. Kb6 Rg6+ 82. Kb5 Rg8 83. a7 {[#]} e3 $1 {[%cal Re3d2]} 84. Rxd3 e2 85. Nc3 e1=Q {Precision: White = 34%, Black = 77%.} 0-1

[Event "26th Troya Open 2018"]
[Site "Canakkale"]
[Date "2018.08.05"]
[Round "2.5"]
[White "Lomsadze, Davit"]
[Black "Gulsoy, Mustafa Alpago"]
[Result "0-1"]
[WhiteElo "2352"]
[BlackElo "1978"]
[Annotator "ChessBase"]
[PlyCount "32"]
[EventDate "2018.08.06"]
[EventType "swiss"]
[EventCountry "TUR"]
[SourceTitle "playchess.com"]
[Source "ChessBase"]
[SourceQuality "1"]
[TimeControl "5400+30"]

1. Nf3 {[%emt 0:01:30]} Nf6 {[%emt 0:07:30]} 2. g3 {[%emt 0:00:30]} b5 {[%emt 0:00:30]} 3. Bg2 {[%emt 0:00:30]} Bb7 {[%emt 0:00:30]} 4. O-O {[%emt 0:00:30]} e6 {[%emt 0:00:30]} 5. d3 {[%emt 0:01:30]} c5 {[%emt 0:01:30]} 6. a4 {[%emt 0:00:30]} b4 {[%emt 0:00:30]} 7. e4 {[%emt 0:00:30]} d6 {[%emt 0:01:30]} 8. Nbd2 {[%emt 0:00:30]} Be7 {[%emt 0:01:30]} 9. b3 {[%emt 0:00:00]} Nc6 {[%emt 0:02:30]} 10. Bb2 {[%emt 0:03:00]} O-O {[%emt 0:01:30]} 11. Re1 {[%emt 0:01:30]} d5 {[%emt 0:00:30]} 12. exd5 {[%emt 0:01:30]} Nxd5 {[%emt 0:05:30]} 13. Nc4 {[%emt 0:01:30]} Bf6 {[%emt 0:04:30]} 14. Nfe5 {[%emt 0:01:30]} Qc7 {[%emt 0:02:30]} 15. Bxd5 {[%emt 0:08:30]} exd5 {[%emt 0:01:30]} 16. Nxc6 {[%emt 0:00:30]} dxc4 {[%emt 0:00:30]} 0-1

[Event "26th Troya Open 2018"]
[Site "Canakkale"]
[Date "2018.08.05"]
[Round "2.6"]
[White "Yerden, Huseyin Eren"]
[Black "Darban, Morteza"]
[Result "1/2-1/2"]
[WhiteElo "2051"]
[BlackElo "2331"]
[Annotator "TA"]
[PlyCount "85"]
[EventDate "2018.08.06"]
[EventType "swiss"]
[EventCountry "TUR"]
[SourceTitle "playchess.com"]
[Source "ChessBase"]
[SourceQuality "1"]

{[%evp 15,85,43,40,-27,7,9,39,36,43,16,43,14,33,-28,0,-136,-113,-107,-138,-206,-180,-224,-227,-206,-131,-141,-165,-147,-107,-85,-70,-129,-127,-177,-41,-51,477,-136,417,417,410,364,363,0,0,0,0,0,0,0,0,-5,0,-12,-5,-12,0,0,0,-12,-12,-12,0,0,0,0,0,0,0,0,0,0]} 1. d4 Nf6 2. c4 e6 3. g3 c5 4. d5 exd5 5. cxd5 b5 6. e4 {A60: Benoni (Moderne Benoni-Verteidigung)} (6. Bg2 d6 7. Nf3 g6 8. O-O Bg7 9. e4 O-O 10. Re1 Re8 11. e5 dxe5 12. Nxe5 Bb7 13. Nc6 Rxe1+ 14. Qxe1 Qd7 15. Ne5 {0-1 (32) Li,C (2751)-Ivanchuk,V (2710) Huaian 2016}) 6... Nxe4 7. Bg2 Qa5+ 8. Nd2 Nd6 $1 {LiveBook: 3 Partien} 9. Qg4 $146 (9. Ne2 $14) ({Vorgänger:} 9. Ngf3 Be7 10. O-O O-O 11. Nb3 Qb6 12. Re1 Bf6 13. Ne5 Na6 {0-1 (26) Simek,P (2380)-Oral,T (2503) Czech Republic 2017}) 9... Na6 (9... f5 $5 {[%cal Rf5g4]} 10. Qh5+ g6 11. Qe2+ Be7 $15) 10. Nh3 Bb7 (10... f5 $5 {[%cal Rf5g4]} 11. Qe2+ Kf7 $11) 11. O-O {[%mdl 1024] Weiss hat Kompensation.} O-O-O 12. Nb3 Qa4 13. Nf4 g6 14. Be3 (14. Qf3 $14) 14... Nf5 15. Rfc1 (15. Bd2 $11 {hält das Gleichgewicht.}) 15... Nxe3 $17 16. fxe3 Kb8 17. Qg5 Bg7 18. Nxc5 Nxc5 19. Rxc5 Bd4 20. Nd3 Bxc5 21. Nxc5 Qc4 22. Nxb7 Kxb7 23. d6+ ({Besser ist} 23. a4 $15) 23... Kb6 $1 24. a4 f5 (24... bxa4 $19 25. Bf1 Qc5) 25. axb5 $15 Qxb5 $2 {[%mdl 8192]} (25... a5 $15 {bleibt weiter vorne.} 26. bxa6 Ka7) 26. Bf1 $2 (26. Qf4 $1 $18 {jetzt b4 und aus.} Rc8 27. Bf1 (27. Qd4+ Qc5 $11)) 26... Qxb2 $2 {[%mdl 8192]} (26... Qb4 $1 $17 {Und ...The8 würde nun gewinnen.} 27. e4 a5 28. exf5 gxf5 29. Qxf5 Qc5+ 30. Qxc5+ Kxc5 31. Rxa5+ Kxd6) 27. Ra6+ $18 Kb7 {Weiss muss nun ...Tde8 beachten.} 28. Qf4 {Droht Matt per Da4.} Qc3 {[#]} 29. Ra4 $2 (29. Rxa7+ $1 $18 {[%mdl 512]} Kxa7 30. Qa4+ Kb8 31. Qb5+ Ka8 32. Bg2+ Qc6 33. Qa6+ Kb8 34. Bxc6 dxc6 35. Qxc6) 29... Rhe8 {Die Stellung ist ausgeglichen.} 30. Rb4+ Ka8 31. Bg2+ Re4 $1 32. Bxe4+ fxe4 33. Qxe4+ Qc6 34. Qxc6+ dxc6 $11 {[%mdl 4096] Endspiel KT-KT} 35. Rd4 Kb7 36. e4 c5 37. Rd1 Kc6 38. e5 Kd7 39. Rc1 Rc8 40. Ra1 Ke6 41. Rxa7 {zielt auf Te7+ ab.} Kxe5 42. Rc7 Rd8 43. Rxc5+ {Precision: Weiß = 51%, Schwarz = 47%.} 1/2-1/2

[Event "26th Troya Open 2018"]
[Site "Canakkale"]
[Date "2018.08.05"]
[Round "2.7"]
[White "Guseynov, Alihan"]
[Black "Kirilmaz, Emre"]
[Result "0-1"]
[WhiteElo "2329"]
[BlackElo "1895"]
[Annotator "TA"]
[PlyCount "122"]
[EventDate "2018.08.06"]
[EventType "swiss"]
[EventCountry "TUR"]
[SourceTitle "playchess.com"]
[Source "ChessBase"]
[SourceQuality "1"]

{[%evp 17,122,16,45,19,20,17,19,16,16,12,20,34,61,43,27,12,81,-34,-30,-25,32,33,33,33,41,25,25,23,34,29,41,29,33,33,43,23,25,27,34,31,21,24,15,12,23,13,33,0,148,0,0,-101,-101,-239,-248,-399,-403,-387,-387,-375,-293,-564,-598,-591,-385,-424,-426,-389,-385,-688,-125,-125,-125,-125,-125,-145,-145,-139,-91,-95,-50,-50,-50,-77,-78,-87,-87,-87,-94,-131,-131,-321,-206,-778,-776,-770,-768,-772,-621,-656,-433,-2071,-2071,-29982,-29983,-29982,-29983]} 1. d4 d5 2. c4 e6 3. Nc3 Nf6 4. Bg5 Be7 5. cxd5 exd5 6. e3 c6 7. Bd3 Bg4 8. Nge2 Nbd7 {[%cal Bb8d7,Bd7f8,Bf8e6][%mdl 32]} 9. Qc2 Nf8 {LiveBook: 4 Games} 10. O-O {D36: Queen's Gambit Declined: Exchange Variation: Main line (5 Bg5 c6 6 Qc2)} (10. f3 {feels hotter.} Bd7 11. O-O Ne6 12. Bh4 g6 13. Rae1) 10... Ne6 11. Bh4 Bxe2 $1 12. Nxe2 {The position is equal.} g6 $146 ({Predecessor:} 12... h6 13. b4 a6 14. Rab1 O-O 15. a4 Rc8 16. Bf5 Ne8 17. Bxe7 Qxe7 {1-0 (41) Nguyen,A (2485)-Hoang,T (2325) Dong Nai 1995}) 13. b4 a6 14. a4 Bxb4 15. Rab1 a5 16. f4 {Black must now prevent f5.} O-O (16... Qe7 $11) 17. Bxf6 ({Better is} 17. Rf3 $16) 17... Qxf6 $15 18. f5 Qg5 (18... gxf5 $11 19. Rxf5 Qh6) 19. fxe6 $14 Qxe3+ 20. Kh1 Qxe6 21. Ng1 Rae8 22. Nf3 Qe3 23. Rb3 Qh6 24. g3 f6 25. Kg2 Re3 26. Qc1 {Strongly threatening Ba6!} Kg7 27. Rf2 Rfe8 28. Qc2 Qh5 29. Rb1 Qg4 30. Rbf1 R8e7 31. Nh4 Bd6 {[%cal Re3g3] And now ...Rxg3+! would win.} 32. Nf3 h5 (32... Bb4 $11) 33. Re2 {[#]} (33. Kh1 $16) 33... h4 $1 $36 {[%cal Bh5h4,Bh4g3][%mdl 2592] [#] Hoping for ...h3+. Black has the initiative.} 34. Rxe3 (34. Ne5 $1 $11 {[%mdl 512] remains equal.} h3+ (34... Bxe5 35. Rxe3) 35. Kh1 Rxe2 36. Bxe2 (36. Nxg4 Rxc2 37. Bxc2 f5 $15) 36... Qe4+ 37. Qxe4 dxe4 38. Nc4) (34. Nxh4 Rxe2+) 34... Rxe3 $17 35. Be2 (35. Qd1 $17) 35... hxg3 $19 36. h3 $2 (36. Bd1 {is a better defense.}) 36... Qe4 37. Qxe4 dxe4 38. Ng1 f5 39. d5 $2 (39. Rb1 Bb4 40. Bd1) 39... cxd5 40. Rd1 b6 41. Rxd5 Bc5 42. h4 f4 {Threatens to win with ...Rxe2+!} 43. Bg4 $2 (43. Rd1) 43... f3+ $2 (43... Rb3 $19 {is more deadly.} 44. Rd7+ Kf6) 44. Nxf3 $17 exf3+ 45. Bxf3 {[%mdl 4096] Endgame KRB-KRB} Ra3 46. Rd7+ Kf6 47. Bc6 Bf2 48. Rd6+ Kg7 49. Be8 Kf8 50. Bc6 {[#]} Kf7 $1 51. Bd5+ Kg7 52. Bc6 Ra2 53. Rd7+ Kh6 54. Rb7 $2 (54. Rd1 $17) 54... Rb2 55. Rf7 $2 (55. Kh3) 55... Be1+ $19 56. Kf1 Bb4 57. Rf6 Kh5 58. Rf4 Bd6 59. Rd4 (59. Rf6 $142 Be5 60. Rf7) 59... Rf2+ 60. Kg1 Bc5 61. Rd5+ Kxh4 {Precision: White = 36%, Black = 58%.} 0-1